000 00716nam a2200217 i 4500
003 IT-RoINE
005 20180329112055.0
008 920630s1936 it |||||r |||||||ita|d
040 _cIT-RoINE
_dIT-RoINE
100 0 _aBernardino de Siena,
_cSanto,
_940711
_d1380-1444
245 1 3 _aLe prediche volgari /
_cSan Bernardino da Siena ; a cura di Piero Bargellini.
260 _aMilano ;
_aRoma :
_bRizzoli & c.,
_c©1936
300 _a1173 p., [9] h. de lám. :
_bil. ;
_c19 cm.
336 _2rdacontent
_atext
337 _2rdamedia
_aunmediated
338 _2rdacarrier
_avolume
490 1 _aClassici Rizzoli
700 1 _aBargellini, Piero,
_d 1897-1980
_93540
830 0 _aClassici Rizzoli
_946692
942 _cMTS
999 _c23587
_d23587